Famous Asian Cities by Picture - Statistics

General Stats
  • This quiz has been taken 41 times
  • The average score is 15 of 24
Answer Stats
Picture Answer % Correct
Dubai
93%
Jerusalem
90%
Mecca
90%
Tokyo
90%
Petra
83%
Shanghai
83%
Agra
79%
Singapore
79%
Bangkok
69%
Osaka
69%
Taipei
69%
Mumbai
62%
Lhasa
55%
Hong Kong
52%
Kathmandu
52%
Seoul
52%
Siem Reap (Angkor Wat)
52%
Yangon
48%
Phuket
45%
Tehran
45%
Thimphu
45%
Beirut
41%
Kuala Lumpur
41%
Phnom Penh
41%
No matching quizzes found
Score Distribution
Percent of People with Each Score
Percentile by Number Answered
Your Score History
You have not taken this quiz